Very low frequency (VLF) phenomena / (Record no. 183226)
[ view plain ]
| 000 -LEADER | |
|---|---|
| fixed length control field | 00856 a2200253 4500 |
| 003 - CONTROL NUMBER IDENTIFIER | |
| control field | Nust |
| 005 - DATE AND TIME OF LATEST TRANSACTION | |
| control field | 20221221110411.0 |
| 010 ## - LIBRARY OF CONGRESS CONTROL NUMBER | |
| LC control number | 2004312893 |
| 020 ## - INTERNATIONAL STANDARD BOOK NUMBER | |
| International Standard Book Number | 8173194858 |
| 035 ## - SYSTEM CONTROL NUMBER | |
| System control number | (DLC) 2004312893 |
| 040 ## - CATALOGING SOURCE | |
| Transcribing agency | Nust |
| 082 ## - DEWEY DECIMAL CLASSIFICATION NUMBER | |
| Classification number | 621.3841,VER |
| 245 10 - TITLE STATEMENT | |
| Title | Very low frequency (VLF) phenomena / |
| Statement of responsibility, etc. | editors, A.R.W. Hughes, Csaba Ferencz, A.K. Gwal. |
| 260 ## - PUBLICATION, DISTRIBUTION, ETC. | |
| Place of publication, distribution, etc. | New Delhi : |
| Name of publisher, distributor, etc. | Narosa Pub. House, |
| Date of publication, distribution, etc. | c2003. |
| 300 ## - PHYSICAL DESCRIPTION | |
| Extent | xvii, 368 p. : |
| Other physical details | ill. ; |
| Dimensions | 26 cm. |
| 505 ## - FORMATTED CONTENTS NOTE | |
| Formatted contents note | Invited Papers (Page-1-230), Contributory Papers (Page-231-368) |
| 650 #0 - SUBJECT ADDED ENTRY--TOPICAL TERM | |
| Topical term or geographic name entry element | VLF emissions |
| 9 (RLIN) | 105484 |
| 700 1# - ADDED ENTRY--PERSONAL NAME | |
| Personal name | Ferencz, Csaba, |
| Dates associated with a name | 1941- |
| 9 (RLIN) | 105485 |
| 700 1# - ADDED ENTRY--PERSONAL NAME | |
| Personal name | Gwal, A. K. |
| 9 (RLIN) | 105486 |
| 700 1# - ADDED ENTRY--PERSONAL NAME | |
| Personal name | Hughes, A. R. W. |
| 9 (RLIN) | 105487 |
| 710 2# - ADDED ENTRY--CORPORATE NAME | |
| Corporate name or jurisdiction name as entry element | Barkatullah University. |
| 9 (RLIN) | 105488 |
| 856 41 - ELECTRONIC LOCATION AND ACCESS | |
| Materials specified | Table of contents only |
| Uniform Resource Identifier | <a href="http://www.loc.gov/catdir/toc/fy0702/2004312893.html">http://www.loc.gov/catdir/toc/fy0702/2004312893.html</a> |
| 942 ## - ADDED ENTRY ELEMENTS (KOHA) | |
| Source of classification or shelving scheme | |
| Koha item type | Book |
| Withdrawn status | Lost status | Source of classification or shelving scheme | Damaged status | Not for loan | Permanent Location | Current Location | Shelving location | Date acquired | Full call number | Barcode | Date last seen | Price effective from | Koha item type | Public note |
|---|---|---|---|---|---|---|---|---|---|---|---|---|---|---|
| Military College of Signals (MCS) | Military College of Signals (MCS) | General Stacks | 12/12/2016 | 621.3841,VER | MCS30717 | 12/08/2016 | 12/12/2016 | Book | Almirah No.38, Shelf No.4 |
